000 00486nam a2200217Ia 4500
003 OSt
005 20221005115219.0
006 a|||||r|||| 00| 0
007 ta
008 221004b |||||||| |||| 00| 0 eng d
024 _a117261
037 _cTextual
040 _aCRL
_cCRL
_beng
041 _2eng
_aeng
100 _aThomas George B
245 0 _aCalculas
260 _c1964
650 _aECONOMICS
942 _cTEXL
_2cc
999 _c1033812
_d1033812